000 01546cam a2200337 a 4500
005 20191224041615.0
008 000627s2000 ck o r 00010 spa d
020 _a9589387241
040 _ala
_cla
_dCO-BoIAVH
041 0 _aspa
044 _ack
082 0 4 _a595.709
_bA53g
100 1 _aAndrade Correa, Miguel Gonzalo,
_d1963-
245 1 0 _aGuía preliminar de insectos de Santa Fe de Bogotá y sus alrededores /
_cinvestigación, textos, trabajo de campo Miguel Gonzalo Andrade Correa, Germán Amat G. ; Juan Manuel Renjifo fotografía ; Luis Nuñez, André J. Riveros trabajo de campo, DAMA.
260 _aSanta Fe de Bogotá (Colombia) :
_bDepartamento Técnico Administrativo del Medio Ambiente ; Alcaldía Mayor,
_c2000.
300 _a95 páginas :
_bfotografías ;
_c19 cm.
504 _aIncluye bibliografía.
650 6 _aEntomología.
650 6 _aInsectos
_x Hábitos y conducta.
_zBogotá (Colombia)
650 6 _aInsectos
_vGuías
_zBogotá (Colombia)
650 6 _aAlimentos para insectos.
650 6 _aInsectos
_v Clasificación.
_zBogotá (Colombia)
650 6 _aInsectos
_z Colombia.
_yBogotá (Colombia)
651 6 _aColombia
_zBogotá
700 1 _aAmat-G., Germán.
700 1 _aRenjifo, Juan Manuel,
_eilustrador
700 1 _aNuñez, Luis.
700 1 _aRiveros, André J.
710 1 _aBogotá (Colombia).
_bAlcaldia Mayor.
_bDepartamento Técnico Administrativo del Medio Ambiente.
942 _2ddc
_cLIBRO
999 _c1829
_d1829